ბათუმის შოთა რუსთაველის სახელმწიფო უნივერსიტეტის ბიბლიოთეკა

Экология человека. (ბიბ.ჩანაწერი № 35180)

000 -LEADER
fixed length control field 00695nam a2200253Ia 4500
001 - CONTROL NUMBER
control field 1025
003 - CONTROL NUMBER IDENTIFIER
control field GE_BSU
008 - FIXED-LENGTH DATA ELEMENTS--GENERAL INFORMATION
fixed length control field 181216s||||||||xx |||||||||||||| ||und||
020 ## - INTERNATIONAL STANDARD BOOK NUMBER
International Standard Book Number 9785769570346
040 ## - CATALOGING SOURCE
Transcribing agency GE_BSU
080 ## - UNIVERSAL DECIMAL CLASSIFICATION NUMBER
Universal Decimal Classification number 574(075.8)
100 ## - MAIN ENTRY--PERSONAL NAME
Personal name Прохоров,Б.Б.
245 ## - TITLE STATEMENT
Title Экология человека.
245 ## - TITLE STATEMENT
Remainder of title Уч-к для студ. по спец."Экология" и "Геоэкология
250 ## - EDITION STATEMENT
Edition statement 5-е изд.стереот.
260 ## - PUBLICATION, DISTRIBUTION, ETC.
Place of publication, distribution, etc. Москва
260 ## - PUBLICATION, DISTRIBUTION, ETC.
Name of publisher, distributor, etc. Академия
260 ## - PUBLICATION, DISTRIBUTION, ETC.
Date of publication, distribution, etc. 2010
300 ## - PHYSICAL DESCRIPTION
Extent 320стр.
653 ## - INDEX TERM--UNCONTROLLED
Uncontrolled term Экология
653 ## - INDEX TERM--UNCONTROLLED
Uncontrolled term Экология человека.
942 ## - ADDED ENTRY ELEMENTS (KOHA)
Koha item type წიგნი
ეგზემპლარები
Withdrawn status Lost status Damaged status Not for loan Date acquired Barcode Date last seen Price effective from Koha item type Public note
        2018-12-17 2476 2018-12-17 2018-12-17 წიგნი დარბაზი